[Event "3rd Asean GM"]
[Site "Bangkok THA"]
[Date "2004.07.31"]
[Round "3"]
[White "Zaw Win Lay"]
[Black "Myo Naing"]
[Result "0-1"]
[WhiteElo "2532"]
[BlackElo "2477"]

1.e4 c5 2.Nf3 d6 3.d4 cxd4 4.Nxd4 Nf6 5.Nc3 a6 6.f3 e6 7.Be3 Nc6 8.Qd2 Be7
9.O-O-O O-O 10.g4 Nxd4 11.Bxd4 b5 12.g5 Nd7 13.h4 b4 14.Ne2 a5 15.Ng3 Ne5
16.Qf2 Qc7 17.f4 Ng4 18.Qf3 e5 19.Nf5 exd4 20.Qxg4 b3 21.Bd3 bxa2 22.Kd2 Rb8
23.h5 Kh8 24.g6 d5 25.h6 Bb4+ 26.Ke2 fxg6 27.Qxg6 gxh6 28.Qxh6 dxe4  0-1

[Event "FSGM August"]
[Site "Budapest HUN"]
[Date "2004.08.15"]
[Round "9"]
[White "Kristjansson,St"]
[Black "Berczes,D"]
[Result "1/2-1/2"]
[WhiteElo "2410"]
[BlackElo "2351"]

1.e4 c5 2.Nf3 d6 3.d4 cxd4 4.Nxd4 Nf6 5.Nc3 a6 6.Be3 Ng4 7.Bc1 Nf6 8.f3 Qb6
9.Nb3 e6 10.Qe2 Qc7 11.Be3 b5 12.g4 b4 13.Na4 Nbd7 14.g5 Nxe4 15.a3 Nec5
16.axb4 Nxb3 17.cxb3 d5 18.b5 axb5 19.Qxb5 Rb8 20.Rc1 Qe5 21.Qd3 Ba6 22.Qd4 Bb4+
23.Kd1 Qxd4+ 24.Bxd4 Bxf1 25.Rxf1 e5 26.Ba7 Ra8 27.Rc7 Kd8 28.Rb7 Kc8 29.Rxb4 Rxa7
30.Rb5 d4 31.f4 Rb7 32.Rd5 Re8 33.fxe5 Rxe5 34.Rxd4 f6 35.gxf6 Nxf6 36.Rf3 Kb8
37.h3 Rd5 38.Rxd5 Nxd5 39.Nc5 Re7 40.Kd2 Kc7 41.Nd3 Kd6 42.Rg3 g6 43.b4 Re4
44.b5 Kc7 45.Rg5 Rd4 46.Rg4 Rxg4 47.hxg4 Kb6 48.g5 Kxb5 49.Ke2 Kc4 50.Ne5+ Kb3
51.Kf3 Nc7 52.Nd7  1/2-1/2

[Event "Knjaz Milos Jezero Open"]
[Site "Belgrade SCG"]
[Date "2004.08.19"]
[Round "3"]
[White "Milosavljevic,I"]
[Black "Mihajlovic,M"]
[Result "0-1"]
[WhiteElo "2094"]
[BlackElo "2276"]

1.e4 c5 2.Nf3 d6 3.d4 cxd4 4.Nxd4 Nf6 5.Nc3 a6 6.f3 e5 7.Nb3 Be6 8.Bg5 Be7
9.Qd2 h6 10.Be3 Nbd7 11.O-O-O Qc7 12.Nd5 Bxd5 13.exd5 Nb6 14.Bxb6 Qxb6 15.Kb1 a5
16.a4 O-O 17.g4 Qb4 18.Qg2 Qxa4 19.g5 hxg5 20.Qxg5 Nxd5 21.Qh5 Nf4 22.Qg4 f5
23.Qg3 Rf6 24.Qf2 Qc6 25.h4 a4 26.Nc1 a3 27.b3 Qc3  0-1

[Event "ch-CAN"]
[Site "Toronto CAN"]
[Date "2004.08.20"]
[Round "1"]
[White "Ochkoos,J"]
[Black "Henry,Lia"]
[Result "0-1"]
[WhiteElo "2299"]
[BlackElo "2062"]

1.e4 c5 2.Nf3 d6 3.d4 cxd4 4.Nxd4 Nf6 5.Nc3 a6 6.f3 e5 7.Nb3 Be6 8.Be3 Nbd7
9.Qd2 b5 10.O-O-O Nb6 11.Qf2 Nc4 12.Bxc4 bxc4 13.Nc5 Qc7 14.N5a4 Rb8 15.g4 Nd7
16.Rhg1 Qc6 17.f4 exf4 18.Bxf4 Rb4 19.Qd4 Rxa4 20.Nxa4 Qxa4 21.Rg3 Qc6 22.Bxd6 Bxd6
23.Qxd6 Qxe4 24.Ra3 Bxg4 25.Rf1 Bf5 26.Rc3 Be6 27.Rg3 g6 28.Qa3 Qe5 29.h4 h6
30.Rfg1 Qf4+ 31.Kb1 Qxh4 32.Qxa6 Kf8 33.Rxg6 fxg6 34.Qxe6 Qf2 35.Rd1 Qf7
36.Qd6+ Kg7 37.Qxd7 Qxd7 38.Rxd7+ Kf6 39.a4 h5 40.b4 cxb3 41.cxb3 h4 42.a5 h3
43.Rd1 g5 44.a6 h2 45.b4 h1=Q 46.Rxh1 Rxh1+ 47.Kb2 Ke6  0-1

[Event "Paks Cup GM"]
[Site "Paks HUN"]
[Date "2004.08.28"]
[Round "8"]
[White "Simacek,P"]
[Black "Toth,An1"]
[Result "1-0"]
[WhiteElo "2439"]
[BlackElo "2429"]

1.e4 c5 2.Nf3 d6 3.d4 cxd4 4.Nxd4 Nf6 5.Nc3 a6 6.f3 e6 7.Be3 b5 8.g4 Bb7
9.g5 Nfd7 10.Bd3 Nb6 11.Qe2 N8d7 12.f4 Rc8 13.Rd1 d5 14.e5 b4 15.Nb1 Na4
16.g6 Nxb2 17.gxf7+ Kxf7 18.Qh5+ Kg8 19.Rd2 Nxd3+ 20.cxd3 Qe8 21.Qd1 Nc5
22.Rg1 g6 23.h4 a5 24.h5 Ba6 25.Nf3 Qa4 26.hxg6 Qxd1+ 27.Kxd1 hxg6 28.Rxg6+ Kf7
29.Rf6+ Ke8 30.Bxc5 Rxc5 31.Rxe6+ Kf7 32.Rf6+ Kg7 33.Rg2+  1-0

[Event "Open"]
[Site "Pune IND"]
[Date "2004.09.04"]
[Round "2"]
[White "Sengupta,D"]
[Black "Sherbakov,R"]
[Result "0-1"]
[WhiteElo "2372"]
[BlackElo "2555"]

1.e4 c5 2.Nf3 d6 3.d4 cxd4 4.Nxd4 Nf6 5.Nc3 a6 6.f3 e5 7.Nb3 Be7 8.Be3 Be6
9.Qd2 O-O 10.g4 d5 11.exd5 Nxd5 12.Nxd5 Bh4+ 13.Bf2 Bxd5 14.Bg2 Bxb3 15.Qxd8 Bxf2+
16.Kxf2 Rxd8 17.Rhd1 Rc8 18.cxb3 Rc2+ 19.Kg3 Nc6 20.Rab1 Nd4 21.Bf1 f5 22.f4 g5
23.fxe5 f4+ 24.Kh3 Nf3 25.Bg2 Nxe5 26.Rbc1 Rac8 27.Rxc2 Rxc2 28.Rd5 Re2 29.Bf1 Re3+
30.Kg2 Kf7 31.h3 Ke7 32.b4 Ke6 33.Rd8 Re1 34.b5 Rc1 35.Rd2 a5 36.Kf2 b6 37.Bg2 Nc4
38.Bd5+ Ke5 39.Bxc4 Rxc4 40.Kf3 Rd4 41.Rc2 Rd3+ 42.Kf2 Rxh3 43.Rc6 Rh2+ 44.Kf3 Rxb2
45.Rxb6 Rxa2 46.Ra6 Ra3+ 47.Kf2 Ra2+ 48.Kf3 Kd5 49.Rf6 Ra3+ 50.Kf2 Rb3 51.Rf5+ Ke4
52.Rxg5 Rb2+ 53.Kg1 Kf3 54.Rc5 Kg3  0-1

[Event "3rd Autumn"]
[Site "Alushta UKR"]
[Date "2004.09.05"]
[Round "9"]
[White "Vokarev,S"]
[Black "Khurtsidze,N"]
[Result "0-1"]
[WhiteElo "2529"]
[BlackElo "2391"]

1.e4 c5 2.Nf3 d6 3.d4 cxd4 4.Nxd4 Nf6 5.Nc3 a6 6.f3 e6 7.Be3 b5 8.Qd2 Bb7
9.a4 bxa4 10.Nxa4 Nbd7 11.Nb3 d5 12.Nac5 Nxc5 13.Nxc5 Bxc5 14.Bxc5 dxe4 15.Qb4 Qc8
16.fxe4 Nxe4 17.Bd4 Qxc2 18.Be2 Qc6 19.Be3 a5 20.Qa3 Qd6 21.Bb5+ Ke7 22.Qxd6+ Nxd6
23.Bc5 Rhc8 24.Ba3 Rc2 25.Rd1 Rd8 26.Be2 Bd5 27.Rf1 Ke8 28.Ba6 f6 29.h4 Nc4
30.Bb5+ Kf7 31.Bc5 Nxb2  0-1

[Event "8th WUCC"]
[Site "Instanbul TUR"]
[Date "2004.09.07"]
[Round "4"]
[White "Aroshidze,L"]
[Black "Shanava,K"]
[Result "1-0"]
[WhiteElo "2401"]
[BlackElo "2438"]

1.e4 c5 2.Nf3 d6 3.d4 cxd4 4.Nxd4 Nf6 5.Nc3 a6 6.f3 e5 7.Nb3 Be6 8.Be3 Nbd7
9.g4 b5 10.g5 b4 11.Ne2 Nh5 12.Qd2 g6 13.O-O-O a5 14.Kb1 a4 15.Nbc1 Qa5 16.Ng3 Nf4
17.h4 h6 18.gxh6 Rc8 19.Nge2 Bxh6 20.Bxf4 exf4 21.Nd4 Bc4 22.Bh3 Qc5 23.e5 Bg7
24.exd6 O-O 25.Bxd7 Rcd8 26.Bxa4 Rxd6 27.c3 bxc3 28.bxc3 Bxa2+ 29.Nxa2 Rb8+
30.Ka1 Qa3 31.Qc2 Ra6 32.Bb5 Ra5 33.Qb2 Qc5 34.Qb4 Qa7 35.Rh2 Ra8 36.Rdd2 Rb8
37.Rd1 Ra8 38.Qc4 Qb6 39.Rb2 Qf6 40.h5 Qg5 41.hxg6 Qxg6 42.Qd5 Qf6 43.Rg1  1-0

[Event "zt2.3.c2"]
[Site "San Jose CRC"]
[Date "2004.09.07"]
[Round "4"]
[White "Picado,J"]
[Black "Martinez,Ne"]
[Result "0-1"]
[WhiteElo "2208"]
[BlackElo "2111"]

1.e4 c5 2.Nf3 d6 3.d4 cxd4 4.Nxd4 Nf6 5.Nc3 a6 6.f3 Qb6 7.a4 Nc6 8.Nb3 Qc7
9.Be3 b6 10.Qd2 e6 11.Qf2 Rb8 12.Rd1 Be7 13.g4 Ne5 14.h3 Nfd7 15.f4 Bh4  0-1

[Event "TCh-SCG Women"]
[Site "Budva SCG"]
[Date "2004.09.08"]
[Round "1"]
[White "Gaponenko,I"]
[Black "Boric,T"]
[Result "0-1"]
[WhiteElo "2448"]
[BlackElo "2033"]

1.e4 c5 2.Nf3 d6 3.d4 cxd4 4.Nxd4 Nf6 5.Nc3 a6 6.f3 g6 7.Be3 Bg7 8.Qd2 Bd7
9.g4 Nc6 10.h4 h5 11.g5 Nh7 12.Nd5 O-O 13.O-O-O Rc8 14.Nb3 Be6 15.Nb6 Rb8
16.f4 f5 17.Bh3 Qc7 18.Rhe1 Rbd8 19.Bg1 Kh8 20.Kb1 Rf7 21.Nd5 Qd7 22.Bb6 Rc8
23.Ne3 fxe4 24.Nc5 Bxa2+ 25.Kxa2 Qxh3 26.Rh1 Qg3 27.Ne6 Rxf4 28.Nf1 Rxf1
29.Rhxf1 Be5 30.Nf4 Nf8 31.Nd5 Qg4 32.Kb1 Qe6 33.Nf4 Qc4 34.Qd5 Qb4 35.Qb3 Qxb3
36.cxb3 Kg7 37.Rde1 Bxf4 38.Rxf4 d5 39.Ref1 Ne5 40.Bd4 Nd7 41.Rf7+ Kg8 42.Rxe7 Nf3
43.Rg7+ Kf8 44.Rxd7 Ke8 45.Rxf3 Kxd7 46.Rf7+ Ke8 47.Rxb7 Kf8 48.Rb6 Kf7 49.Rxa6 Re8
50.Rf6+ Ke7 51.Kc2 Rg8 52.Kd2 Kd7 53.b4 Rb8 54.Bc5  0-1

[Event "8th WUCC"]
[Site "Instanbul TUR"]
[Date "2004.09.08"]
[Round "5"]
[White "Smirnov,P"]
[Black "Jobava,Ba"]
[Result "0-1"]
[WhiteElo "2620"]
[BlackElo "2615"]

1.e4 c5 2.Nf3 d6 3.d4 Nf6 4.Nc3 cxd4 5.Nxd4 a6 6.Be3 Ng4 7.Bc1 Nf6 8.f3 b5
9.Be3 Bb7 10.Qd2 Nbd7 11.g4 e5 12.Nf5 b4 13.Ne2 d5 14.g5 g6 15.Nfg3 dxe4
16.gxf6 exf3 17.Nc1 Nxf6 18.Nd3 h5 19.O-O-O h4 20.Qe1 hxg3 21.Nxe5 Qe7 22.Qxg3 Ne4
23.Qg4 Rh4 24.Qd7+ Qxd7 25.Rxd7 Bc5 26.Bd4 Bc6 27.Rc7 Bxd4 28.Nxc6 Be3+ 29.Kb1 Kf8
30.Ne5 Rf4 31.Bd3 Nd2+ 32.Ka1 f2 33.h4 Re8  0-1

[Event "TCh-CRO"]
[Site "Rabac CRO"]
[Date "2004.09.08"]
[Round "4"]
[White "Fedorov,Alex"]
[Black "Stevic,H"]
[Result "1-0"]
[WhiteElo "2620"]
[BlackElo "2541"]

1.e4 c5 2.Nf3 d6 3.d4 cxd4 4.Nxd4 Nf6 5.Nc3 a6 6.f3 e6 7.Be3 Nc6 8.g4 Be7
9.Qd2 O-O 10.O-O-O Nxd4 11.Bxd4 b5 12.g5 Nd7 13.h4 Qc7 14.Kb1 b4 15.Na4 Bb7
16.b3 Bc6 17.Nb2 a5 18.h5 Ne5 19.Rh3 a4 20.g6 fxg6 21.hxg6 Nxg6 22.Bc4 d5
23.exd5 exd5 24.Bd3 Bf6 25.Rxh7 Kxh7 26.Rh1+ Kg8 27.Bxg6 Bxd4 28.Bh7+ Kf7
29.Qxd4 Rh8 30.Nd3 Rae8 31.f4 Rxh7 32.Rxh7 Kg8 33.Rh1 Re4 34.Qc5 Qb7 35.Ne5 Be8
36.Qd6 Rxf4 37.Qe6+ Bf7 38.Qh3 Kf8 39.Qh8+ Ke7 40.Qxg7 Kd6 41.Qh6+ Kxe5 42.Qg5+ Rf5
43.Re1+ Kd6 44.Qxf5 Kc5 45.Rf1  1-0

[Event "FSGM September"]
[Site "Budapest HUN"]
[Date "2004.09.10"]
[Round "7"]
[White "Erenburg,S"]
[Black "Sammalvuo,T"]
[Result "1-0"]
[WhiteElo "2533"]
[BlackElo "2445"]

1.e4 c5 2.Nf3 d6 3.d4 cxd4 4.Nxd4 Nf6 5.Nc3 a6 6.f3 e6 7.Be3 b5 8.g4 h6 9.Qd2 Nbd7
10.O-O-O Bb7 11.h4 b4 12.Na4 d5 13.Bh3 dxe4 14.g5 hxg5 15.hxg5 exf3 16.Nxe6 fxe6
17.Bf5 exf5 18.Rxh8 Nd5 19.Nc5 Bc6 20.Bd4 Qa5 21.Qe1+ Kd8 22.Qe6 Kc7 23.Nxd7 Bd6
24.Bb6+ Qxb6 25.Nxb6  1-0

[Event "It"]
[Site "Pune IND"]
[Date "2004.09.10"]
[Round "7"]
[White "Sandipan,C"]
[Black "Sutovsky,E"]
[Result "1/2-1/2"]
[WhiteElo "2555"]
[BlackElo "2679"]

1.e4 c5 2.Nf3 d6 3.d4 cxd4 4.Nxd4 Nf6 5.Nc3 a6 6.Be3 Ng4 7.Bc1 Nf6 8.f3 e5
9.Nb3 Be6 10.Be3 Nbd7 11.Qd2 b5 12.a4 b4 13.Nd5 Bxd5 14.exd5 Nb6 15.Bxb6 Qxb6
16.a5 Qb7 17.O-O-O h5 18.Kb1 g6 19.Qe2 Bg7 20.g4 O-O 21.g5 Nd7 22.Bh3 Qc7
23.Rhe1 Rfe8 24.f4 exf4 25.Qxe8+ Rxe8 26.Rxe8+ Nf8 27.Bf1 Qd7 28.Ree1 Qc8
29.h3 f3 30.Re4 Nd7 31.Rxb4 f2 32.Rd2 Nc5 33.Rxf2 Nxb3 34.Rxb3 Qe8 35.Re2 Qd8
36.Rb7 Qxg5 37.Re8+ Kh7 38.Rxf7 Qxd5 39.Ree7 Kh6 40.h4 Qd1+ 41.Ka2 Qxc2 42.Rb7 Qa4+
43.Kb1 Qd1+ 44.Ka2 Qa4+ 45.Kb1  1/2-1/2

[Event "8th WUCC"]
[Site "Instanbul TUR"]
[Date "2004.09.11"]
[Round "9"]
[White "Aroshidze,L"]
[Black "Khismatullin,D"]
[Result "1/2-1/2"]
[WhiteElo "2401"]
[BlackElo "2556"]

1.e4 c5 2.Nf3 d6 3.d4 cxd4 4.Nxd4 Nf6 5.Nc3 a6 6.f3 e5 7.Nb3 Be6 8.Be3 Nbd7
9.g4 Be7 10.Qd2 Nb6 11.g5 Nh5 12.O-O-O O-O 13.Kb1 g6 14.Rg1 Qc7 15.Rg2 Rac8
16.Qf2 Nc4 17.Bxc4 Qxc4 18.Qd2 b5 19.Nd5 Bxd5 20.Qxd5 Qxd5 21.Rxd5 f6 22.gxf6 Nxf6
23.Rd3 Nh5 24.Nd2 Nf4 25.Bxf4 Rxf4 26.Kc1 Kf7 27.Kd1 Ke6 28.Nb1 Rcf8 29.Ke2 Rc8
30.Kd1 Bf8 31.Nc3 Rf7 32.Nd5 a5 33.Rf2 Bh6 34.Rc3 Rxc3 35.Nxc3 Be3 36.Rf1 Rb7
37.Nd5 Bc5 38.Ke2 Rf7 39.Rd1 Rb7 40.Rf1 Rf7 41.Rd1 Kd7 42.Rf1 Ke8 43.Rd1 Kf8
44.Nc3 Rb7 45.Nd5 Kg7 46.Kf1 b4 47.Rd3 a4 48.Kg2 Kf7 49.Kf1 Ke6 50.Ke2 Bd4
51.b3 Bc5 52.Rd2 Ra7 53.Kd3 Rf7 54.Ke2 g5 55.h3 Ra7 56.Kf1 h6 57.Kg2 h5 58.Kf1 Rf7
59.Kg2 Rg7 60.Kg3 Ra7 61.Re2 Kf7 62.Rd2 Kg6 63.Re2 Kg7 64.Kg2 Kf7 65.Kg3 Ke6
66.Kg2 Rh7 67.Kg3 Rh8 68.Kg2 Kd7 69.Re1 Kc6 70.Rd1 Rh7 71.Nf6 Rh6 72.Nd5 Rh8
73.Ne7+ Kb5 74.Nd5 h4 75.Nc7+ Kc6 76.Nd5 Ra8 77.Rd2 Ra7 78.Kf1 Rf7 79.Kg2 Kb5
80.Rd3 Ra7 81.Rd2 Bd4 82.Kf1 Kc5 83.Ke2 Rf7 84.Rd1 Kb5 85.Rf1 Bc5  1/2-1/2

[Event "TCh-SCG Men"]
[Site "Budva SCG"]
[Date "2004.09.15"]
[Round "7"]
[White "Predojevic,B"]
[Black "Misailovic,N"]
[Result "1-0"]
[WhiteElo "2490"]
[BlackElo "2349"]

1.e4 c5 2.Nf3 d6 3.d4 cxd4 4.Nxd4 Nf6 5.Nc3 a6 6.Be3 Ng4 7.Bc1 Nf6 8.f3 Qb6
9.Nb3 e6 10.g4 Nc6 11.g5 Nd7 12.h4 Be7 13.Qe2 Qc7 14.Be3 b5 15.O-O-O Bb7
16.Kb1 O-O 17.h5 b4 18.Na4 Nce5 19.Qf2 Nxf3 20.Qxf3 Bc6 21.g6 Bxa4 22.h6 fxg6
23.Qh3 Rac8 24.Bd3 gxh6 25.Qxe6+ Rf7 26.Rhf1 Ne5 27.Rxf7 Nxf7 28.Rf1 Be8
29.Bxa6 Ra8 30.Bb5 Qb8 31.Bc6 Qc8 32.Qxe7 Qxc6 33.Bxh6  1-0

[Event "HUN-GER Match"]
[Site "Budapest HUN"]
[Date "2004.09.18"]
[Round "3"]
[White "Kritz,L"]
[Black "Ruck,R"]
[Result "1/2-1/2"]
[WhiteElo "2541"]
[BlackElo "2575"]

1.e4 c5 2.Nf3 d6 3.d4 cxd4 4.Nxd4 Nf6 5.Nc3 a6 6.f3 b5 7.a4 b4 8.Nd5 Nxd5
9.exd5 Bb7 10.Bc4 Nd7 11.a5 Qc7 12.Qe2 g6 13.Bg5 Qc5 14.Nc6 Ne5 15.Nxe5 dxe5
16.Bb3 Bg7 17.Be3 Qd6 18.Ba4+ Kf8 19.O-O-O h5 20.Qc4 Rc8 21.Bc6 Bh6 22.Bxh6+ Rxh6
23.Qe4 Rc7 24.Rhe1 f6 25.f4 exf4 26.Bxb7 Rxb7 27.Qd4 e5 28.dxe6 Qxd4 29.Rxd4 Ke7
30.Rxf4 Rh8 31.Rc4 Rd8 32.Rc6 Rd6 33.Rc8 Rd8 34.Rxd8 Kxd8 35.Re4 Rb5 36.e7+ Ke8
37.Re6 Rxa5 38.Rxf6 Rg5 39.g3 a5 40.Re6 Rg4 41.b3 Rg5 42.Kb2 Rg4 43.Re5 h4
44.Rxa5 hxg3 45.hxg3 Rxg3 46.Re5 Rg4 47.Kc1 Rd4 48.Re6 g5 49.c3 bxc3 50.Kc2 Rd7
51.Rg6 Rxe7 52.Rxg5 Kd7 53.Rc5 Re3 54.b4 Kd6 55.Kb3 Re7 56.Rxc3 Rc7 57.Rxc7 Kxc7
58.Ka4 Kb6 59.b5  1/2-1/2

[Event "Open"]
[Site "Bucharest ROM"]
[Date "2004.09.24"]
[Round "4"]
[White "Pribeanu,D"]
[Black "Nemeth,F"]
[Result "1-0"]
[WhiteElo "2191"]
[BlackElo "2400"]

1.e4 c5 2.Nf3 d6 3.d4 cxd4 4.Nxd4 Nf6 5.Nc3 a6 6.f3 e5 7.Nb3 Be6 8.Be3 Be7
9.Qd2 O-O 10.O-O-O Qc7 11.g4 Nbd7 12.g5 Nh5 13.Qf2 b5 14.h4 b4 15.Nd5 Bxd5
16.Rxd5 a5 17.Kb1 Rfb8 18.Bh3 a4 19.Nd2 Nb6 20.Rb5 Nc4 21.Rxb8+ Rxb8 22.Nxc4 Qxc4
23.Bg4 Nf4 24.Bxf4 exf4 25.Qa7 Re8 26.Bd7 Rf8 27.Bxa4 Bd8 28.Qf2 Qa6 29.Bb3 Qb6
30.Qg2 Qd4 31.Qg4 Qe3 32.Rc1 Bb6 33.c3 bxc3 34.Rxc3 Qd2 35.Qd7 g6 36.a3 Bd4
37.Rc2 Qd3 38.Ka2 Qa6 39.Rc7 Qe2 40.Bxf7+ Kh8 41.Rb7 Ra8 42.Qxd6  1-0

[Event "Tatry Open"]
[Site "Tatranske Zruby SVK"]
[Date "2004.09.25"]
[Round "1"]
[White "Doci,S"]
[Black "Vlcek,S"]
[Result "1-0"]
[WhiteElo "2037"]
[BlackElo "2319"]

1.e4 c5 2.Nf3 d6 3.d4 cxd4 4.Nxd4 Nf6 5.Nc3 a6 6.f3 Qb6 7.Bc4 Nc6 8.Nxc6 bxc6
9.Bb3 g6 10.Bg5 Bg7 11.Qd2 O-O 12.Be3 Qb4 13.a3 Qb8 14.Bh6 Bxh6 15.Qxh6 Be6
16.Bxe6 Qxb2 17.Kd2 Qb6 18.Bc4 d5 19.Bd3 Qa5 20.e5 Nd7 21.Qf4 c5 22.Qa4 Qxa4
23.Nxa4 c4 24.Be2 Nxe5 25.Rab1 Rab8 26.Nc5 g5 27.Nxa6 Ra8 28.Rb6 Nd7 29.Rb7 Rxa6
30.Rxd7 e6 31.Ra1 Rfa8 32.Rb1 Rxa3 33.Rbb7 Rf8 34.f4 gxf4 35.Bh5 Kg7 36.Bxf7 Kf6
37.Re7 Re3 38.g3 c3+ 39.Kd1 f3 40.Bh5 f2 41.Rf7+ Ke5 42.Be2 Ra8 43.Rb1  1-0

[Event "GM Classic"]
[Site "Gausdal NOR"]
[Date "2004.09.26"]
[Round "4"]
[White "Johannessen,LE"]
[Black "Bromberger,S"]
[Result "1-0"]
[WhiteElo "2538"]
[BlackElo "2440"]

1.e4 c5 2.Nf3 d6 3.d4 Nf6 4.Nc3 cxd4 5.Nxd4 a6 6.f3 e6 7.Be3 b5 8.g4 Nfd7
9.Qd2 Nb6 10.a4 bxa4 11.Nxa4 Nxa4 12.Rxa4 Be7 13.g5 O-O 14.h4 Bd7 15.Ra1 Nc6
16.Rxa6 Rxa6 17.Bxa6 Qa8 18.Nxc6 Bxc6 19.Be2 d5 20.exd5 Bxd5 21.Kf2 f6 22.g6 hxg6
23.c4 Bb7 24.Qd7 Kf7 25.Bc5 Re8 26.b4 Bc6 27.Qc7 Qc8 28.Qa7 e5 29.Bxe7 Rxe7
30.Qe3 f5 31.b5 Bb7 32.c5 Bd5 33.c6 Qe6 34.Rd1 Bc4 35.Rc1 Bxe2 36.Qxe2 Qd6
37.Qc4+ Kf6 38.c7 Qd2+ 39.Kf1 Rxc7 40.Qxc7 Qd3+ 41.Kf2 Qd2+ 42.Kg3 Qf4+ 43.Kg2 Qd2+
44.Kh3  1-0

[Event "Monarch Assurance"]
[Site "Port Erin IOM"]
[Date "2004.09.26"]
[Round "2"]
[White "Schneider,Dm"]
[Black "Kulaots,K"]
[Result "0-1"]
[WhiteElo "2454"]
[BlackElo "2593"]

1.e4 c5 2.Nf3 d6 3.d4 cxd4 4.Nxd4 Nf6 5.Nc3 a6 6.f3 e6 7.Be3 b5 8.g4 b4 9.Nce2 h6
10.c4 Qc7 11.Qd2 Nbd7 12.b3 Nc5 13.Ng3 h5 14.gxh5 Nxh5 15.Nxh5 Rxh5 16.O-O-O g6
17.Kb1 e5 18.Nc2 a5 19.Bxc5 Qxc5 20.Qd5 Qxd5 21.cxd5 Bh6 22.a3 Rb8 23.axb4 axb4
24.Kb2 Bf4 25.h3 Ke7 26.Ra1 Bd2 27.Ra7+ Rb7 28.Ra8 Bd7 29.Rh2 Bc3+ 30.Kb1 Rg5
31.Rg2 Rxg2 32.Bxg2 Bb5 33.Kc1 Rc7 34.Kd1 Bd3 35.Ra4 Kf6 36.h4 Rc8 37.Ne1 Bb5
38.Ra5 Rc5 39.Ra8 Bd4 40.Rb8 Be3 41.Nc2 Bf4 42.Ra8 Bd3 43.Ra2 Rc3 44.Rb2 Kg7  0-1

[Event "IMA Classic"]
[Site "Gausdal NOR"]
[Date "2004.09.28"]
[Round "7"]
[White "Pinol,F"]
[Black "Hunt,H"]
[Result "0-1"]
[WhiteElo "2133"]
[BlackElo "2385"]

1.e4 c5 2.Nf3 d6 3.d4 cxd4 4.Nxd4 Nf6 5.Nc3 a6 6.f3 e5 7.Nb3 Be6 8.Be3 Be7
9.Qd2 O-O 10.O-O-O Qc7 11.g4 Rc8 12.g5 Nh5 13.Nd5 Bxd5 14.exd5 Nd7 15.c4 a5
16.Kb1 a4 17.Na1 g6 18.Nc2 Nc5 19.Na3 Re8 20.Nb5 Qc8 21.h4 Na6 22.Rc1 Nf4
23.Bxf4 Qf5+ 24.Bd3 Qxf4 25.Qe2 Nc5 26.Be4 Rf8 27.Rcg1 f6 28.gxf6 Qxf6 29.h5 g5
30.Nc7 Rac8 31.Ne6 h6 32.Qc2 Nxe6 33.dxe6 b5 34.Bd5 Rc5 35.Qe4 bxc4 36.Rc1 Qf5
37.Qxf5 Rxf5 38.Rhd1 Rf4 39.Rc3 Rd4 40.Rxd4 exd4 41.Rxc4 Rxd5 42.Rxa4 d3
43.Kc1 Rf5 44.Ra7 Kf8 45.b4 g4 46.fxg4 Bg5+ 47.Kb2 Rf2+ 48.Kc3 d2 49.Kc2 Ke8
50.Ra3 Rf1  0-1

[Event "Premier League"]
[Site "Belgrade SCG"]
[Date "2004.09.30"]
[Round "6"]
[White "Nedeljkovic,S"]
[Black "Maksimovic,Mir"]
[Result "0-1"]
[WhiteElo "2214"]
[BlackElo "2185"]

1.e4 c5 2.Nf3 d6 3.d4 cxd4 4.Nxd4 Nf6 5.Nc3 a6 6.f3 Nc6 7.Be3 e6 8.Qd2 Be7
9.g4 Qc7 10.O-O-O Nxd4 11.Bxd4 e5 12.Be3 Be6 13.h4 b5 14.Kb1 O-O 15.h5 d5
16.exd5 Rfd8 17.Qf2 Nxd5 18.Nxd5 Rxd5 19.Bd3 Rc8 20.g5 Qa5 21.Bb6 Qa4 22.Rh4 Rxd3  0-1

[Event "79th ch-ARG"]
[Site "Buenos Aires ARG"]
[Date "2004.09.30"]
[Round "8"]
[White "Lo Presti,R"]
[Black "Cristobal,M"]
[Result "1-0"]
[WhiteElo "2068"]
[BlackElo "2145"]

1.e4 c5 2.Nf3 d6 3.d4 cxd4 4.Nxd4 Nf6 5.Nc3 a6 6.f3 e5 7.Nb3 Be7 8.Be3 Qc7
9.Qd2 Nbd7 10.g4 h6 11.O-O-O b5 12.h4 Nb6 13.Kb1 Be6 14.Bxb6 Qxb6 15.Nd5 Nxd5
16.exd5 Bd7 17.Bd3 a5 18.Qe2 a4 19.Nd2 a3 20.b3 Qd4 21.c3 Qxc3 22.Ne4 Qd4
23.Rc1 b4 24.Nd2 Qxd5 25.Be4 Qd4 26.Nc4 Ra6 27.Bb7 Ra7 28.Rhd1 Qf4 29.Be4 O-O
30.Nxd6 Bxh4 31.Rc4 Qg3 32.Bc2 Be6 33.Rxb4 Rd7 34.Ne4 Rxd1+ 35.Qxd1 Rd8 36.Qxd8+ Bxd8
37.Nxg3  1-0

[Event "9th ECC w"]
[Site "Izmir TUR"]
[Date "2004.10.09"]
[Round "7"]
[White "Gaponenko,I"]
[Black "Zdebskaja,N"]
[Result "1-0"]
[WhiteElo "2445"]
[BlackElo "2321"]

1.e4 c5 2.Nf3 d6 3.d4 cxd4 4.Nxd4 Nf6 5.Nc3 a6 6.f3 e5 7.Nb3 Be7 8.Be3 Be6
9.Qd2 O-O 10.O-O-O a5 11.Bb5 Na6 12.Qe2 Qb8 13.Bb6 Rc8 14.Kb1 Nc7 15.Bxc7 Qxc7
16.Nc1 Nd7 17.Bxd7 Qxd7 18.Nd5 Bd8 19.Qe3 Qc6 20.Qf2 b5 21.Rd3 b4 22.Rhd1 Qb5
23.f4 exf4 24.Qxf4 Qc5 25.Qd2 h6 26.Nb3 Qc4 27.Rd4 Qc6 28.Qe2 Qa6 29.Qxa6 Rxa6
30.R4d3 Bg5 31.Nd4 Bxd5 32.exd5 Rc5 33.Nc6 Ra8 34.Re1 Bf6 35.g3 Kf8 36.h4 Rc4
37.b3 Rg4 38.Rde3 g6 39.Rf1 Bc3 40.Re7 f5 41.Rf3 Rd4 42.Nxd4 Kxe7 43.Re3+ Kf7
44.Nb5 Be5 45.a4 bxa3 46.Ka2 Rc8 47.c4 Rd8 48.Kxa3 f4 49.gxf4 Bxf4 50.Rf3 g5
51.hxg5 hxg5 52.Nc7 Kg6 53.Ne6 Bc1+ 54.Ka4 Rh8 55.Kxa5 Rh2 56.c5 dxc5 57.d6 g4
58.Rg3 Kf7 59.d7 Bg5 60.Nxg5+ Ke7 61.Rd3 Rh8 62.Ne6 g3  1-0

[Event "36th Olympiad"]
[Site "Calvia ESP"]
[Date "2004.10.17"]
[Round "3"]
[White "Fedorov,Alex"]
[Black "Shytaj,L"]
[Result "1-0"]
[WhiteElo "2619"]
[BlackElo "2356"]

1.e4 c5 2.Nf3 d6 3.d4 cxd4 4.Nxd4 Nf6 5.Nc3 a6 6.f3 e5 7.Nb3 Be6 8.Be3 Be7
9.Qd2 O-O 10.O-O-O b5 11.g4 b4 12.Nd5 Bxd5 13.exd5 a5 14.Kb1 Qc7 15.Nc5 a4
16.g5 Nh5 17.Ne4 Na6 18.Bb5 Qa5 19.Bc6 Rab8 20.Ng3 Nf4 21.Nf5 Bxg5 22.Rdg1 Bf6
23.Nxg7 Kh8 24.Nf5 Qc7 25.Rg4 b3 26.cxb3 Nb4 27.Bxf4 exf4 28.Rhg1 axb3 29.a3 Nc2
30.Qxf4 Qa7 31.Qh6  1-0

[Event "36th Olympiad w"]
[Site "Calvia ESP"]
[Date "2004.10.18"]
[Round "4"]
[White "Vasquez Ramirez,R"]
[Black "Dzagnidze,N"]
[Result "0-1"]
[WhiteElo "2257"]
[BlackElo "2484"]

1.e4 c5 2.Nf3 d6 3.d4 cxd4 4.Nxd4 Nf6 5.Nc3 a6 6.f3 e5 7.Nb3 Be6 8.Be3 Nbd7
9.Nd5 Nxd5 10.exd5 Bf5 11.Bd3 Bxd3 12.Qxd3 Be7 13.O-O O-O 14.c4 Rc8 15.Rac1 Bg5
16.Rf2 b6 17.Rfc2 a5 18.Nd2 f5 19.b3 Qf6 20.a3 Rce8 21.Rf1 e4 22.fxe4 Nc5
23.Bxc5 bxc5 24.Rxf5 Qa1+ 25.Rf1 Rxf1+ 26.Nxf1 Bf6 27.g3 Bd4+ 28.Kg2 Qxa3
29.Ne3 a4 30.Nf5 Qxb3 31.Qxb3 axb3 32.Rc1 b2 33.Rb1 Be5 34.Kf3 Ra8 35.Ne7+ Kf8  0-1

[Event "36th Olympiad"]
[Site "Calvia ESP"]
[Date "2004.10.19"]
[Round "5"]
[White "Puntier,W"]
[Black "Contreras,H"]
[Result "0-1"]
[WhiteElo "2255"]
[BlackElo "2307"]

1.e4 c5 2.Nf3 d6 3.d4 cxd4 4.Nxd4 Nf6 5.Nc3 a6 6.f3 e6 7.Be3 Nbd7 8.Qd2 b5
9.O-O-O Bb7 10.g4 h6 11.h4 b4 12.Nce2 d5 13.Bh3 dxe4 14.g5 exf3 15.Nf4 Ne4
16.Qh2 Bd6 17.g6 O-O 18.gxf7+ Rxf7 19.Bxe6 Qf6 20.Kb1 Ndc5 21.Bxf7+ Qxf7
22.Rhf1 Rf8 23.Rxf3 Nc3+ 24.bxc3 Bxf3 25.Nxf3 Bxf4 26.Bxf4 bxc3 27.Bc1 Qxf3
28.Rg1 Qf6 29.Qg2 Ne6 30.Rd1 Kh8 31.Qe4 Qf3 32.Qxf3 Rxf3 33.Rd3 Rxd3 34.cxd3 g5
35.hxg5 h5 36.Be3 h4 37.d4 h3 38.Bg1 Nxg5 39.d5 Kg8 40.Bh2 Nf3 41.Bf4 Nd4
42.Bh2 Kf7 43.a4 Ke7 44.a5 Nf3 45.Bg3 h2 46.Bxh2 Nxh2 47.Kc2  0-1

[Event "36th Olympiad"]
[Site "Calvia ESP"]
[Date "2004.10.19"]
[Round "5"]
[White "Tissir,M"]
[Black "Li Ying,P"]
[Result "1-0"]
[WhiteElo "2394"]
[BlackElo "2200"]

1.e4 c5 2.Nc3 d6 3.Nf3 Nf6 4.d4 cxd4 5.Nxd4 a6 6.f3 Qc7 7.Be3 e6 8.g4 Be7
9.Qd2 b5 10.O-O-O O-O 11.g5 Nfd7 12.h4 Ne5 13.Kb1 Nc4 14.Bxc4 bxc4 15.h5 Nc6
16.g6 Bf6 17.gxh7+ Kh8 18.Nxc6 Qxc6 19.Bd4 e5 20.Nd5 exd4 21.Nxf6 gxf6 22.Qh6 Bg4
23.Rdg1 f5 24.exf5 f6 25.Rxg4 Qb7 26.Rg8+  1-0

[Event "36th Olympiad"]
[Site "Calvia ESP"]
[Date "2004.10.20"]
[Round "6"]
[White "Nedev,T"]
[Black "Kulaots,K"]
[Result "0-1"]
[WhiteElo "2528"]
[BlackElo "2597"]

1.e4 c5 2.Nf3 d6 3.d4 cxd4 4.Nxd4 Nf6 5.Nc3 a6 6.f3 b5 7.Be3 Bb7 8.Qd2 Nbd7
9.O-O-O e6 10.g4 Nb6 11.Qf2 Nfd7 12.Bd3 Rc8 13.Nce2 Qc7 14.Kb1 Na4 15.h4 Ndc5
16.b3 Nxd3 17.cxd3 Nc5 18.Ng3 b4 19.Nc2 a5 20.d4 Nd7 21.Rc1 Qb8 22.d5 e5
23.Qe2 Qa8 24.Na1 Ba6 25.Qd2 g6 26.h5 Be7 27.f4 exf4 28.Bxf4 Ne5 29.Rxc8+ Qxc8
30.Bxe5 dxe5 31.d6 Qd7 32.Rd1 Bh4 33.Qh2 Bf6 34.g5 Bxg5 35.hxg6 fxg6 36.Nh5 Qb5
37.Qg1 h6 38.Nf6+ Kf7 39.Ng4 Rd8 40.Qh2 Qe2 41.Nf2 Bf4 42.Qh4 Rd7 43.Nc2 Qf3
44.Rd5 h5 45.Rxa5 Rxd6 46.Rd5 Rxd5 47.exd5 g5 48.Ne1 Bd3+ 49.Ka1 Bd2 50.Nexd3 Bc3+  0-1

[Event "36th Olympiad"]
[Site "Calvia ESP"]
[Date "2004.10.20"]
[Round "6"]
[White "Li Ying,P"]
[Black "Dekker,Marv"]
[Result "1-0"]
[WhiteElo "2200"]
[BlackElo "2133"]

1.e4 c5 2.Nf3 d6 3.d4 cxd4 4.Nxd4 Nf6 5.Nc3 a6 6.f3 e5 7.Nb3 Be6 8.Bg5 Be7
9.Qd2 Nbd7 10.g4 h6 11.Be3 Qc7 12.O-O-O b5 13.h4 Nb6 14.g5 Nh5 15.Nd5 Bxd5
16.exd5 Ng3 17.Rg1 Nxf1 18.Rdxf1 Nc4 19.Qd3 Nxe3 20.Qxe3 Qc4 21.f4 Rc8 22.Qd2 hxg5
23.hxg5 exf4 24.Kb1 Rh4 25.Na5 Qc5 26.Nc6 Rxc6 27.dxc6 Qxc6 28.Qf2 Rh5 29.Qxf4 Qd5
30.Re1 Kd8 31.Qe3 Bxg5 32.Qb6+ Kd7 33.Qa7+ Kd8 34.Qb8+ Kd7 35.Re8 Qc5 36.Rge1 d5
37.Qb7+ Kd6 38.Rc8 Qe3 39.Qc7+  1-0